[Event "Sachsen-ch U10 Girls"]
[Site "Sebnitz"]
[Date "2013.04.04"]
[Round "4"]
[White "Lukin, Jana"]
[Black "Limbach, Anna Lena"]
[Result "1-0"]
[WhiteElo "1210"]
[BlackElo "873"]
[PlyCount "121"]
[EventDate "2013.04.02"]
[EventType "swiss"]
[EventRounds "7"]
[EventCountry "GER"]
[SourceTitle "EXT 2014"]
[Source "ChessBase"]
[SourceDate "2013.11.20"]
[SourceVersion "1"]
[SourceVersionDate "2013.11.20"]
[SourceQuality "1"]

1. e4 e5 2. Nf3 Nc6 3. Bc4 Nf6 4. d4 d6 5. dxe5 Nxe4 6. exd6 Nxd6 7. Bb3 Bg4 8. 0-0 Qd7 9. Qe2+ Be7 10. Qe3 0-0-0 11. Nc3 Be6 12. Bxe6 fxe6 13. Re1 h6 14. Qxe6 Qxe6 15. Rxe6 Rd7 16. Ne5 Nxe5 17. Rxe5 Rhd8 18. Rd5 c6 19. Rd3 Re8 20. Be3 Bg5 21. Bxa7 Rde7 22. g3 Nc4 23. Na4 Kc7 24. Bc5 Re5 25. Bd4 Rd5 26. Bxg7 Rf5 27. Bd4 Bf6 28. Bxf6 Rxf6 29. Nc5 Nb6 30. Rad1 Re7 31. Rd8 Rg6 32. Rf8 h5 33. h4 Rd6 34. Rxd6 Kxd6 35. Nd3 c5 36. Rf6+ Kc7 37. Nxc5 Nd5 38. Rf5 Nb4 39. Rxh5 Nxc2 40. Nd3 Nd4 41. Nf4 b5 42. Nd5+ Kd7 43. Nxe7 Kxe7 44. Rd5 Nf3+ 45. Kh1 b4 46. Rb5 Nd4 47. Rxb4 Nc2 48. Re4+ Kd6 49. h5 Kd5 50. f3 Nd4 51. Kg2 Ne6 52. h6 Nf8 53. Rf4 Nh7 54. g4 Ng5 55. Rf5+ Kd4 56. Rxg5 Kd3 57. h7 Ke3 58. h8Q Kd3 59. Qc3+ Ke2 60. Re5+ Kd1 61. Re1# 1-0

[Event "GER-chT U14 Girls"]
[Site "Magdeburg"]
[Date "2012.12.29"]
[Round "6.3"]
[White "Cejda, Cecilia"]
[Black "Lukin, Jana"]
[Result "1-0"]
[WhiteElo "1357"]
[BlackElo "1203"]
[PlyCount "105"]
[EventDate "2012.12.27"]
[EventType "team-swiss"]
[EventRounds "7"]
[EventCountry "GER"]
[SourceTitle "EXT 2014"]
[Source "ChessBase"]
[SourceDate "2013.11.20"]
[SourceVersion "1"]
[SourceVersionDate "2013.11.20"]
[SourceQuality "1"]
[WhiteTeam "Freiburg Zaehringen"]
[BlackTeam "Chemnitz Aufbau"]
[WhiteTeamCountry "GER"]
[BlackTeamCountry "GER"]

1. e4 c5 2. Nf3 d6 3. d4 cxd4 4. Nxd4 Nf6 5. Nc3 g6 6. Be3 Bg7 7. Bc4 0-0 8. f3 Nc6 9. Qd2 Nd7 10. Nxc6 bxc6 11. Bh6 c5 12. Bxg7 Kxg7 13. h4 Nf6 14. g4 h5 15. gxh5 Nxh5 16. Rg1 Rh8 17. Nd5 a5 18. Nf4 Nxf4 19. Qxf4 Qf8 20. Qg5 e5 21. h5 Rxh5 22. Qxh5 Bd7 23. Qg5 a4 24. Rh1 Qe8 25. Qh6+ Kf6 26. 0-0-0 Qb8 27. Bd5 Ra7 28. Qh8+ Qxh8 29. Rxh8 Rc7 30. Rf8 Be6 31. Bxe6 Kxe6 32. Ra8 Rc6 33. Rxa4 f5 34. exf5+ gxf5 35. Re1 f4 36. Rxf4 Ra6 37. a3 Ra8 38. Rfe4 Kf5 39. Rh4 Rg8 40. Rg4 Rh8 41. a4 Re8 42. a5 Ra8 43. Ra4 d5 44. a6 Ke6 45. f4 e4 46. Ra5 Kd6 47. a7 Kc6 48. f5 Kb6 49. Ra3 Kb7 50. f6 Kc7 51. f7 c4 52. f8Q Rxf8 53. a8Q 1-0